MARC

LEADER 00000nam0a2200000 4500
001 279347
005 20231101235212.0
035 |a (RuTPU)RU\TPU\book\302625 
090 |a 279347 
100 |a 20141218d1971 k y0rusy50 ca 
101 0 |a rus 
102 |a RU 
105 |a y z 001zy 
200 1 |a Пути познания Земли  |f Академия наук СССР (АН СССР), Институт философии (ИФ) 
210 |a Москва  |c Наука  |d 1971 
215 |a 344 с.  |c ил. 
320 |a Библиография в конце разделов. 
606 1 |a Земля  |x Строение в целом  |2 stltpush  |3 (RuTPU)RU\TPU\subj\11738  |9 38645 
610 1 |a Солнечная система 
610 1 |a происхождение 
610 1 |a эволюция 
610 1 |a термика 
610 1 |a магнитное поле 
610 1 |a геотектоника 
610 1 |a вода 
610 1 |a геология 
610 1 |a геохимия 
610 1 |a геофизика 
610 1 |a Земля 
610 1 |a методология 
675 |a 551.1  |v 3 
712 0 2 |a Академия наук СССР (АН СССР)  |b Институт философии (ИФ)  |2 stltpush  |3 (RuTPU)RU\TPU\col\11338 
801 1 |a RU  |b 63413507  |c 20141218 
801 2 |a RU  |b 63413507  |c 20170206  |g RCR 
942 |c BK